BOH'S PHARMACY PRACTICE MANUAL (Record no. 22916)

MARC details
000 -LEADER
fixed length control field 00352nam a22001577a 4500
003 - CONTROL NUMBER IDENTIFIER
control field SGT
020 ## - INTERNATIONAL STANDARD BOOK NUMBER
International Standard Book Number 9781451180674
082 ## - DEWEY DECIMAL CLASSIFICATION NUMBER
Classification number 615.1
Item number B15S
100 ## - MAIN ENTRY--PERSONAL NAME
Personal name STEIN,SUSAN M.
245 ## - TITLE STATEMENT
Title BOH'S PHARMACY PRACTICE MANUAL
250 ## - EDITION STATEMENT
Edition statement 4TH
260 ## - PUBLICATION, DISTRIBUTION, ETC. (IMPRINT)
Place of publication, distribution, etc NEW YORK
Name of publisher, distributor, etc WOLTERS KLUWER
Year of Publication 2015
300 ## - PAGE DESCRIPTION
No. of Pages 675
650 ## - SUBJECT ADDED ENTRY--TOPICAL TERM
Topical term or geographic name as entry element PHARMACY PRACTICE
942 ## - ADDED ENTRY ELEMENTS (KOHA)
Source of classification or shelving scheme Dewey Decimal Classification
Koha item type Books
Holdings
Withdrawn status Lost status Source of classification or shelving scheme Damaged status Use restrictions Not for loan Collection code Home library Current library Shelving location Date acquired Vendor Name SGTU Bill Number Full call number Accession No. (Barcode) Date last seen Bill Date Koha item type
    Dewey Decimal Classification   Restricted Access   PHARMACY SGT FA-FP Library SGT FA-FP Library Reference Book 23/06/2022 AHUJA PUBLICATION SGTU 14474 615.1 B15S FP4254 23/06/2022 19/05/2022 Books
    Dewey Decimal Classification   Restricted Access   PHARMACY SGT FA-FP Library SGT FA-FP Library Reference Book 23/06/2022 AHUJA PUBLICATION SGTU 14474 615.1 B15S FP4255 23/06/2022 19/05/2022 Books